La previa información del adversario en el proceso privado romano

Guardat en:
Dades bibliogràfiques
Autor principal: Fernández Barreiro, Alejandrino (Autor)
Format: Llibre
Idioma:espanyol
Publicat: Pamplona Universidad de navarra 1969
Col·lecció:Publicaciones de la Facultad de Derecho de la Universidad de Navarra
Matèries:
Etiquetes: Afegir etiqueta
Sense etiquetes, Sigues el primer a etiquetar aquest registre!

MARC

LEADER 00000nam a2200000 a 4500
001 UCR0968
003 CL-VaPUC
008 971205e19690000SP |||||||||||||||||spa|d
082 0 4 |a 340.54  |b FER  |2 21 
100 0 |a Fernández Barreiro, Alejandrino  |e author  |9 397651 
245 1 3 |a La previa información del adversario en el proceso privado romano 
300 |a 523 p 
942 |c BK 
945 |d 19971205 00:00:00  |a aolguin 
260 |a Pamplona  |b Universidad de navarra  |c 1969 
650 0 |a Derecho romano  |9 255930 
650 0 |a Derecho procesal penal  |9 255496 
650 7 |a FUENTES  |2 CL-VaPUC  |9 255666 
650 7 |a PROCEDIMIENTO PROCESAL  |2 CL-VaPUC  |9 397592 
650 0 |a Historia  |9 255047 
583 |a last modification  |c 19971205 00:00:00  |k Rodrigo Vera 
490 0 |a Publicaciones de la Facultad de Derecho de la Universidad de Navarra 
999 |c 264465  |d 264463 
952 |0 0  |1 0  |4 0  |6 340_540000000000000_FER_1969  |7 0  |8 DER_ROM  |9 294743  |a BIBDER  |b BIBDER  |d 2019-11-19  |i 1909452  |l 2  |o 340.54 FER 1969  |p 1909452  |r 2024-05-07  |s 2024-05-07  |w 2019-11-19  |x Ubicación 4to piso  |y BK  |z Este recurso debe solicitarse con anticipación  |k DER